000 00630nam a2200217 i 4500
001 89610
003 ES-MaACL
005 20230906180230.0
007 t|
008 050111s1943 sp |||| | spa d
100 1 _aLavedan, Henri.
_970698
245 1 0 _aSu Majestad /
_cpor Henri Lavedan ; [traducción del francés por Gabriel Miró].
250 _a1ª ed.
260 _aBarcelona :
_b[s.n.],
_c1943 (
_fLa Académica)
300 _a175 p. ;
_c20 cm.
490 1 _aAl monigote de papel
700 1 _aMiró, Gabriel.
_981602
830 0 _aAl monigote de papel
_9181405
852 _aES-MaACL
_jB-10107
999 _c89610
_d89610